Central structure of the Mughal empire and its practical working upto the year 1957 (Record no. 345748)

000 -LEADER
fixed length control field 00387cam a22001217a 4500
008 - FIXED-LENGTH DATA ELEMENTS--GENERAL INFORMATION
fixed length control field 180718b1967 xxu||||| |||| 00| 0 eng d
082 ## - DEWEY DECIMAL CLASSIFICATION NUMBER
Classification number A6x5403 H275
100 ## - MAIN ENTRY--PERSONAL NAME
Personal name Hasan, Ibn
245 ## - TITLE STATEMENT
Title Central structure of the Mughal empire and its practical working upto the year 1957
Statement of responsibility, etc. by Ibn Hasan
260 ## - PUBLICATION, DISTRIBUTION, ETC.
Place of publication, distribution, etc. New Delhi
Name of publisher, distributor, etc. Munshiram Manoharlal
Date of publication, distribution, etc. 1967
300 ## - PHYSICAL DESCRIPTION
Extent 398p.
650 ## - SUBJECT ADDED ENTRY--TOPICAL TERM
Topical term or geographic name entry element India - History
Holdings
Withdrawn status Lost status Damaged status Not for loan Permanent Location Current Location Date acquired Full call number Barcode Date last seen Price effective from Koha item type
        Indian Institute of Public Administration Indian Institute of Public Administration 2010-05-10 A6x5403 H275 50991 2018-07-21 2018-07-21 Book
        Indian Institute of Public Administration Indian Institute of Public Administration 1993-10-08 A6x5403 H275 48899 2018-07-21 2018-07-21 Book

Powered by Koha